| 000 | 00427cam a22001934a 4500 | ||
|---|---|---|---|
| 005 | 20250605164320.0 | ||
| 008 | 250528s ||||||||||||||||||||||||d | ||
| 035 | _a22873 | ||
| 020 | _a9780582219236 | ||
| 040 |
_aGR-AtMCL _bgre _dGR-AtMCL _eAACR2 |
||
| 245 | 1 | _aMATERIALS | |
| 250 | _a5 | ||
| 260 |
_bLongman, _c1994 |
||
| 300 | _a257 | ||
| 700 | 1 |
_aEverett Alan _98519 |
|
| 942 | _cBK | ||
| 999 |
_c7917 _d7917 |
||